Research methods in social work (Record no. 607564)

MARC details
000 -LEADER
fixed length control field 00459nam a22001697a 4500
008 - FIXED-LENGTH DATA ELEMENTS--GENERAL INFORMATION
fixed length control field 260108b |||||||| |||| 00| 0 eng d
020 ## - INTERNATIONAL STANDARD BOOK NUMBER
ISBN 9780840032270
Paper back/Hardbound pbk
041 ## - LANGUAGE CODE
Language code of text/sound track or separate title eng
082 ## - DEWEY DECIMAL CLASSIFICATION NUMBER
Classification number 301.072
Item number ROY
100 ## - MAIN ENTRY--AUTHOR NAME
Personal name Royse, David D.
245 ## - TITLE STATEMENT
Title Research methods in social work
Statement of responsibility, etc David D. Royse
260 ## - PUBLICATION, DISTRIBUTION, ETC. (IMPRINT)
Place of publication Australia
Name of publisher Thomson Learning
Year of publication 2011
300 ## - PHYSICAL DESCRIPTION
Number of Pages 387 p.
Dimensions 23 cm.
700 ## - ADDED ENTRY--PERSONAL NAME
Personal name David D. Royse
942 ## - ADDED ENTRY ELEMENTS (KOHA)
Koha item type English Books
Holdings
Withdrawn status Lost status Damaged status Not for loan Home library Current library Shelving location Date acquired Full call number Accession Number Price effective from Koha item type
        Anna Centenary Library Anna Centenary Library 3RD FLOOR, B WING 23.08.2010 301.072 ROY 285616 08.01.2026 English Books

Find us on the map